01130cam a2200313 a 4500001000700000003000400007005001700011008004100028010001700069020001800086035002100104040001800125050002000143082002300163100002100186245009700207246004200304246001900346250001200365260003700377300003300414490002800447500002000475650003900495700002000534856008500554856007300639856010400712199244OSt20210705133849.0990714s1999 nyua 001 0 eng  a 99027788  a9789389538809 a(DLC) 99027788 aDLCcDLCdDLC00aQC32b.G34 199900a539.076221bGAU/T1 aGautreau, Ronald10aSchaum's outline of theory and problems of modern physics /cRonald Gautreau, William Savin.30aTheory and problems of modern physics14aModern physics a2nd ed. aNew York :bMcGraw-Hill,cc1999. aix, 338 p. :bill. ;c28 cm.0 aSchaum's outline series aIncludes index. 0aPhysicsvProblems, exercises, etc.1 aSavin, William.423Publisher descriptionuhttp://www.loc.gov/catdir/description/mh023/99027788.html413Table of contentsuhttp://www.loc.gov/catdir/toc/mh023/99027788.html423Contributor biographical informationuhttp://www.loc.gov/catdir/enhancements/fy0739/99027788-b.html